000 00218nam a22000857a 4500
008 161125b xxu||||| |||| 00| 0 eng d
100 _91445
_aArya. A. S
245 _aOliver twist III text book X
260 _aDelhi
_bCBSE
_c2007
999 _c4169
_d4169